<?xml version="1.0" encoding="UTF-8"?>
<record
    xmlns:xsi="http://www.w3.org/2001/XMLSchema-instance"
    xsi:schemaLocation="http://www.loc.gov/MARC21/slim http://www.loc.gov/standards/marcxml/schema/MARC21slim.xsd"
    xmlns="http://www.loc.gov/MARC21/slim">

  <leader>01317nam0a22002891  4500</leader>
  <controlfield tag="001">RU\INFOCOMM_327\NLR\5000025233</controlfield>
  <controlfield tag="005">20250613110343.0</controlfield>
  <datafield tag="035" ind1=" " ind2=" ">
    <subfield code="a">(NLR Aleph) 009559254</subfield>
  </datafield>
  <datafield tag="090" ind1=" " ind2=" ">
    <subfield code="a">9058044</subfield>
    <subfield code="c">9058044</subfield>
  </datafield>
  <datafield tag="100" ind1=" " ind2=" ">
    <subfield code="a">20130211d1936    |||y0rusy50      ca</subfield>
  </datafield>
  <datafield tag="101" ind1="0" ind2=" ">
    <subfield code="a">ger</subfield>
  </datafield>
  <datafield tag="102" ind1=" " ind2=" ">
    <subfield code="a">RU</subfield>
  </datafield>
  <datafield tag="105" ind1=" " ind2=" ">
    <subfield code="a">c   z   |||||</subfield>
  </datafield>
  <datafield tag="200" ind1="1" ind2=" ">
    <subfield code="a">&#xDC;ber das Projekt der Konstitution der UdSSR</subfield>
    <subfield code="e">Bericht auf dem Ausserordentlichen X. Sowjetkongress der ASSR der Wolgadeutschen, stattgefunden vom 15. bis 19. Nov. 1936</subfield>
    <subfield code="f">H. A. Luft ...</subfield>
  </datafield>
  <datafield tag="210" ind1=" " ind2=" ">
    <subfield code="a">Engels</subfield>
    <subfield code="c">Deutscher Staatsverl.</subfield>
    <subfield code="d">1936</subfield>
  </datafield>
  <datafield tag="215" ind1=" " ind2=" ">
    <subfield code="a">52 &#x441;.; 1 &#x43B;. &#x43F;&#x43E;&#x440;&#x442;&#x440;.</subfield>
    <subfield code="c">&#x43F;&#x43E;&#x440;&#x442;&#x440;.</subfield>
    <subfield code="d">19 &#x441;&#x43C;</subfield>
  </datafield>
  <datafield tag="300" ind1=" " ind2=" ">
    <subfield code="a">&#x41D;&#x430; 4-&#x439; &#x441;. &#x43E;&#x431;&#x43B;.: &#x420;&#x435;&#x447;&#x44C; &#x43F;&#x440;&#x435;&#x434;&#x441;&#x435;&#x434;&#x430;&#x442;&#x435;&#x43B;&#x44F; &#x426;&#x418;&#x41A; &#x438; &#x421;&#x41D;&#x41A; &#x410;&#x421;&#x421;&#x420;&#x41D;&#x41F; &#x442;&#x43E;&#x432;. &#x413;. &#x410;. &#x41B;&#x44E;&#x444;&#x442; &#x43D;&#x430; &#x427;&#x440;&#x435;&#x437;&#x432;&#x44B;&#x447;&#x430;&#x439;&#x43D;&#x43E;&#x43C; X-&#x43E;&#x43C; &#x441;&#x44A;&#x435;&#x437;&#x434;&#x435; &#x421;&#x43E;&#x432;&#x435;&#x442;&#x43E;&#x432; &#x41D;&#x435;&#x43C;&#x440;&#x435;&#x441;&#x43F;&#x443;&#x431;&#x43B;&#x438;&#x43A;&#x438;</subfield>
  </datafield>
  <datafield tag="604" ind1=" " ind2=" ">
    <subfield code="1">50010$a&#x41A;&#x43E;&#x43D;&#x441;&#x442;&#x438;&#x442;&#x443;&#x446;&#x438;&#x44F;$n1936$j&#x41F;&#x440;&#x43E;&#x435;&#x43A;&#x442;&#x44B;$x&#x412;&#x441;&#x435;&#x43D;&#x430;&#x440;&#x43E;&#x434;&#x43D;&#x43E;&#x435; &#x43E;&#x431;&#x441;&#x443;&#x436;&#x434;&#x435;&#x43D;&#x438;&#x435;$2PSBO</subfield>
    <subfield code="1">71001$a&#x421;&#x421;&#x421;&#x420;$4070$2nlr_sh1</subfield>
  </datafield>
  <datafield tag="620" ind1=" " ind2=" ">
    <subfield code="a">&#x42D;&#x43D;&#x433;&#x435;&#x43B;&#x44C;&#x441;</subfield>
  </datafield>
  <datafield tag="686" ind1=" " ind2=" ">
    <subfield code="a">&#x41F;5&#x421;1-10&#x41F;&#x440;&#x43E;&#x435;&#x43A;&#x442; &#x41A;&#x43E;&#x43D;&#x441;&#x442;&#x438;&#x442;&#x443;&#x446;&#x438;&#x438;</subfield>
    <subfield code="2">rubbk</subfield>
  </datafield>
  <datafield tag="700" ind1=" " ind2="1">
    <subfield code="9">z01790</subfield>
    <subfield code="a">Luft</subfield>
    <subfield code="b">H.</subfield>
    <subfield code="g">Heinrich</subfield>
  </datafield>
  <datafield tag="790" ind1=" " ind2="1">
    <subfield code="9">z01700</subfield>
    <subfield code="a">Luft</subfield>
    <subfield code="b">H. A.</subfield>
    <subfield code="4">070</subfield>
  </datafield>
  <datafield tag="801" ind1=" " ind2="1">
    <subfield code="a">RU</subfield>
    <subfield code="b">Infocomm</subfield>
    <subfield code="c">20130211</subfield>
  </datafield>
  <datafield tag="801" ind1=" " ind2="0">
    <subfield code="a">RU</subfield>
    <subfield code="b">INFOCOMM</subfield>
    <subfield code="g">PSBO</subfield>
  </datafield>
  <datafield tag="852" ind1=" " ind2=" ">
    <subfield code="a">NLR</subfield>
    <subfield code="j">D10/773</subfield>
    <subfield code="y">2 &#x44D;&#x43A;&#x437;.</subfield>
  </datafield>
  <datafield tag="942" ind1=" " ind2=" ">
    <subfield code="c">BOOK</subfield>
  </datafield>
  <datafield tag="980" ind1=" " ind2=" ">
    <subfield code="a">NB</subfield>
  </datafield>
  <datafield tag="995" ind1=" " ind2=" ">
    <subfield code="5">2013-10-26</subfield>
    <subfield code="b">NLR02</subfield>
    <subfield code="c">NLR02</subfield>
    <subfield code="e">IFS</subfield>
    <subfield code="f">9559254-10</subfield>
    <subfield code="k">D10/773</subfield>
    <subfield code="o">0</subfield>
    <subfield code="r">BOOK</subfield>
    <subfield code="s">D10773_</subfield>
  </datafield>
</record>
